Educación preescolar
Enregistré dans:
| Auteur principal: | |
|---|---|
| Format: | Livre |
| Langue: | espagnol |
| Publié: |
Madrid
Pearson Educación
2005
|
| Édition: | 9a. ed |
| Sujets: | |
| Tags: |
Ajouter un tag
Pas de tags, Soyez le premier à ajouter un tag!
|
MARC
| LEADER | 00000nam a2200000 a 4500 | ||
|---|---|---|---|
| 001 | UCG0477 | ||
| 003 | CL-VaPUC | ||
| 008 | 100325e20050000SP |||||||||||||||||spa|d | ||
| 020 | |a 8420545279 | ||
| 082 | 0 | 4 | |a 372.21 |b MOR |2 21 |
| 100 | |a Morrison, George S. |e autor |9 547906 | ||
| 245 | 1 | 0 | |a Educación preescolar |
| 250 | |a 9a. ed | ||
| 300 | |a 433 p | ||
| 942 | |c BK | ||
| 945 | |d 20100325 00:00:00 |a cmena | ||
| 260 | |a Madrid |b Pearson Educación |c 2005 | ||
| 500 | |a LibroSite, es una página web asociada al libro, con una gran variedad de recursos y material adicional, tanto para los profesores como para estudiantes: http://www.librosite.net | ||
| 650 | 0 | |a Niños |9 255605 | |
| 650 | 0 | |a Métodos de enseñanza |9 270413 | |
| 650 | 0 | |a Aprendizaje |9 254827 | |
| 650 | 0 | |a Evaluación de la educación |9 237505 | |
| 650 | 0 | |a Innovaciones pedagógicas |9 307471 | |
| 650 | 7 | |a ROL DE LA FAMILIA |2 CL-VaPUC |9 470380 | |
| 583 | |a last modification |c 20121217 09:18:36 |k Rodrigo Vera | ||
| 999 | |c 340099 |d 340097 | ||
| 952 | |0 0 |1 0 |4 0 |6 372_210000000000000_MOR_2005 |7 0 |8 A |9 434604 |a BIBEDU |b BIBEDU |c ES_NOD |d 2019-11-22 |i 4654781 |o 372.21 MOR 2005 |p 4654781 |r 2023-08-09 |w 2019-11-22 |y BK |k PAR | ||
| 952 | |0 0 |1 0 |4 0 |6 372_210000000000000_MOR_2005 |7 0 |8 A |9 434605 |a BIBEDU |b BIBEDU |c ES_NOD |d 2019-11-22 |i 465479K |o 372.21 MOR 2005 |p 465479K |r 2023-08-09 |w 2019-11-22 |y BK |k PAR | ||
| 952 | |0 0 |1 0 |4 0 |6 372_210000000000000_MOR_2005 |7 0 |8 A |9 434606 |a BIBEDU |b BIBEDU |c ES_NOD |d 2019-11-22 |i 4654803 |o 372.21 MOR 2005 |p 4654803 |r 2023-08-09 |w 2019-11-22 |y BK |k PAR | ||